| 000 | 01168nam a2200181Ia 4500 | ||
|---|---|---|---|
| 008 | 151202s9999||||xx |||||||||||||| ||und|| | ||
| 082 | _bPNVM-46863 | ||
| 100 | _aसाळुंखे आ.ह. | ||
| 245 | _aबळीवंश बळीराजाचा वंश व त्याचा पूर्व - इतिहास 11प्रकरणात आजपर्यंत संदर्भसूचि व नामसूचिसह. | ||
| 260 | _b"लोकायत प्रकाशन,सातारा." | ||
| 260 | _c2005 | ||
| 300 | _a440 | ||
| 600 | _aसाळुंखे आ.ह. | ||
| 630 | _aबळीवंश बळीराजाचा वंश व त्याचा पूर्व - इतिहास 11प्रकरणात आजपर्यंत संदर्भसूचि व नामसूचिसह. | ||
| 700 | _aसाळुंखे आ.ह. | ||
| 730 | _aबळीवंश बळीराजाचा वंश व त्याचा पूर्व - इतिहास 11प्रकरणात आजपर्यंत संदर्भसूचि व नामसूचिसह. | ||
| 942 | _cBOOK | ||
| 999 |
_c1312813 _d1312810 |
||